000 00360nam a22001337a 4500
999 _c55000
_d55000
008 200204b ||||| |||| 00| 0 eng d
041 _aeng
080 _2043.3
_a043.3
082 _a043.3
100 _a0
101 _aBTH
245 _aRigjenerimi i Bodrumit të Verës së Suharekës me Rrethinë Urbane Shndërrimi në Galeri
_cBinaku,A
942 _2udc
_cBK